header

The analysis of mind (Record no. 165)

MARC details
000 -LEADER
fixed length control field 01298nam a2200325 a 4500
100 1# - MAIN ENTRY--AUTHOR NAME
Personal name Russell, Bertrand,
245 14 - TITLE STATEMENT
Title The analysis of mind
260 ## - PUBLICATION, DISTRIBUTION, ETC. (IMPRINT)
Place of publication London :
Name of publisher Routledge,
Year of publication c1995.
300 ## - PHYSICAL DESCRIPTION
Number of Pages 310 p.
500 ## - GENERAL NOTE
General note Originally published: London : G. Allen & Unwin, 1921. (Muirhead library of philosophy). With new introd.
650 #0 - SUBJECT ADDED ENTRY--TOPICAL TERM
Topical Term Psychology.
Topical Term Consciousness.
Topical Term Knowledge, Theory of.
856 40 - ELECTRONIC LOCATION AND ACCESS
Uniform Resource Identifier http://site.ebrary.com/lib/rucke/Doc?id=5003514

No items available.

© 2026 Rongo University
Contact us: librarian | system librarian | Rongo university